000 00726nam 22002533 4500
001 197793
010 _a972-968-79-0-0
021 _aPT
_b117142/97
090 _a197793
100 _a20250909d u||y0pory50 ba
101 _apor
102 _aPT
200 _aAdozinda
_fSofia Ester
_gPrefácio de Daniel Sampaio
205 _a
210 _aAlmada
_cEditorial Planeta Azul
_d1997
215 _a125, [3] p.
_cBrochado
_d20 cm
300 _aNovela
606 _97957
_aLiteratura Juvenil Portuguesa
_xNovela
675 _a821.134.3-32-93/EST/ADO
_vPT
_zpor
700 _94348
_aEster
_bSofia
702 _91004
_aSampaio
_bDaniel
_f1946-
801 _aPT
_bBMMN
_gRPC
830 _cCarlos Pinto
_d09-09-2025
_fCarlos Pinto
990 _cLIVROS